| 000 | 00360nam a2200133 i 4500 | ||
|---|---|---|---|
| 001 | bg | ||
| 100 | 1 | _aRUDAWSKA, T. | |
| 245 | 0 |
_aDziałalność ośrodków informacji naukowej, technicznej i ekonomicznej w 1984 r. / _cT. Rudawska. |
|
| 260 |
_aWarszawa, _c1986. |
||
| 040 | _cBPK | ||
| 041 | _apol | ||
| 942 | _cKS | ||
| 008 | s pl f |000 0 pol | ||
| 999 |
_c23215 _d23215 |
||
| 856 |
_uhttp://koha.tu.koszalin.pl/cgi-bin/koha/opac-detail.pl?biblionumber=23215 _yKatalog online BPK |
||